| 000 | 00851nam a2200241 i 4500 | ||
|---|---|---|---|
| 001 | bg | ||
| 100 | 1 | _aŁACH, Stanisław | |
| 245 | 1 | 0 |
_aPolskie Stronnictwo Ludowe w konfrontacji z władzą komunistyczną na Pomorzu Zachodnim w latach 1945-1947 / _cStanisław Łach ; Pomorska Akademia Pedagogiczna. |
| 260 |
_aSłupsk : _bWydaw. Uczelniane PAP, _c2001. |
||
| 300 |
_a243 s. ; _c24 cm. |
||
| 504 | _aBibliogr. | ||
| 610 | 2 | 9 |
_aPolskie Stronnictwo Ludowe (1945-1949 r.) _xhistoria |
| 651 | 9 |
_aPolska _xpolityka wewnętrzna _y1944-1956 r. |
|
| 651 | 9 |
_aPomorze Zachodnie _xhistoria _y1944-1956 r. |
|
| 710 | 0 | _aPomorska Akademia Pedagogiczna | |
| 020 | _a8388731300 | ||
| 040 | _cBPK | ||
| 041 | 0 | _apol | |
| 080 | _a94(438).083:329A/Z::323]"1944/1956" | ||
| 920 | _a83-88731-30-0 | ||
| 942 | _cKS | ||
| 008 | s pl f |000 0 pol | ||
| 999 |
_c42511 _d42511 |
||
| 856 |
_uhttp://koha.tu.koszalin.pl/cgi-bin/koha/opac-detail.pl?biblionumber=42511 _yKatalog online BPK |
||